Normal view MARC view
  • Audit Commission

Entry Corporate Name

Number of records used in: 4

001 - CONTROL NUMBER

  • control field: 5757

003 - CONTROL NUMBER IDENTIFIER

  • control field: SIRSI

005 - DATE AND TIME OF LATEST TRANSACTION

  • control field: 20190806150245.0

008 - FIXED-LENGTH DATA ELEMENTS

  • fixed length control field: 090623n| acannaabn |n ana d

040 ## - CATALOGING SOURCE

  • Original cataloging agency: OSt
  • Transcribing agency: OSt

110 2# - HEADING--CORPORATE NAME

  • Corporate name or jurisdiction name as entry element: Audit Commission

670 ## - SOURCE DATA FOUND

  • Source citation: Room for improvement, 2009